| 000 | 00859nam a2200253 a 4500 | ||
|---|---|---|---|
| 001 | 59007 | ||
| 003 | BD-RjUL | ||
| 005 | 20211209080702.0 | ||
| 008 | 161220s1995 ii a b 101 0 eng | ||
| 020 | _a8170225612 | ||
| 035 | _a(BD-RjUL)59131 | ||
| 040 |
_cBD-RjUL _dBD-RjUL _beng _aBD-RjUL |
||
| 041 | _aeng | ||
| 082 |
_223 _a320.60954 _bPUB 1995 |
||
| 245 | 0 | 0 |
_aPublic policy analysis and design / _cedited by Vivek K. Agnihotri ; foreword by A.M. Khusro. |
| 260 |
_aNew Delhi : _bConcept Pub. Co., _c1995. |
||
| 300 |
_a482 p. : _bill. ; _c23 cm. |
||
| 504 | _aIncludes bibliographical references and index. | ||
| 650 | 0 |
_aPublic policy _zIndia _9175487 |
|
| 650 | 0 |
_aRural poor _xGovernment policy _zIndia _vCongresses. _9175488 |
|
| 651 | 0 |
_aIndia _xPolitics and government _vCongresses. _9175489 |
|
| 700 | 1 |
_aAgnihotri, V. K. _9175490 |
|
| 942 |
_2ddc _cBK |
||
| 999 |
_c59007 _d59007 |
||